Engineering mechanics / (Record no. 3356)

000 -LEADER
fixed length control field 00425nam a22001577a 4500
008 - FIXED-LENGTH DATA ELEMENTS--GENERAL INFORMATION
fixed length control field 200609b ||||| |||| 00| 0 eng d
020 ## - INTERNATIONAL STANDARD BOOK NUMBER
International Standard Book Number 8121926165
082 00 - DEWEY DECIMAL CLASSIFICATION NUMBER
Classification number 620.1
Item number K459
100 ## - MAIN ENTRY--PERSONAL NAME
9 (RLIN) 15
Personal name Khurmi, R. S.
245 10 - TITLE STATEMENT
Title Engineering mechanics /
250 ## - EDITION STATEMENT
Edition statement 20th ed., rev.
260 ## - PUBLICATION, DISTRIBUTION, ETC. (IMPRINT)
Place of publication, distribution, etc New Delhi :
Name of publisher, distributor, etc S. Chand Pvt. Ltd.
Date of publication, distribution, etc 2008.
300 ## - PHYSICAL DESCRIPTION
Extent xii, 765 p.
650 #0 - SUBJECT ADDED ENTRY--TOPICAL TERM
Topical term or geographic name as entry element Mechanical Engineering
942 ## - ADDED ENTRY ELEMENTS (KOHA)
Item type Books
Holdings
Withdrawn status Lost status Source of classification or shelving scheme Damaged status Not for loan Permanent location Current location Date acquired Source of acquisition Total Checkouts Full call number Barcode Date last seen Date last borrowed Cost, replacement price Koha item type Checked out
          IMU Kolkata IMU Kolkata 2012-01-24 Shankars Book Agency 1 620.1 K459 11495 2023-11-10 2023-10-26 390.00 Books  
          IMU Kolkata IMU Kolkata 2012-01-24 Shankars Book Agency 1 620.1 K459 11496 2025-05-23 2025-05-09 390.00 Books  
          IMU Kolkata IMU Kolkata 2012-01-24 Shankars Book Agency 2 620.1 K459 11497 2026-01-15 2026-01-15 390.00 Books 2026-07-14
          IMU Kolkata IMU Kolkata 2012-01-24 Shankars Book Agency 3 620.1 K459 11498 2024-04-24 2024-04-09 390.00 Books  
Designed and Maintained by IMU-KC Library, Kolkata Campus © Copyright All Rights Reserved

webs counters

Powered by Koha